000 02004nam0a2200385 i 4500
001 RU\NLR\BIBL_A\010001960
005 20241114182809.0
021 _aRU
_b2013-75973
_95227
035 _a(NLR Aleph) 010001960
090 _a9800513
_c9800513
100 _a20131107d2012 k y0rusy50 ca
101 0 _arus
102 _aRU
105 _aa||||||||||||
200 1 _aКомпьютерное моделирование потенциальных полей методом точечных источников
_fС. Ю. Князев, Е. Е. Щербакова, А. А. Щербаков
_gМ-во образования и науки РФ, Федер. гос. бюджет. образоват. учреждение высш. проф. образования "Дон. гос. техн. ун-т"
210 _aРостов-на-Дону
_cДГТУ
_d2012
215 _a155 с.
_cил.
_d21 см
320 _aБиблиогр.: с. 138-155 (265 назв.)
606 1 _aМатематическая физика
_xКраевые задачи
_xРешение
_xМетод точечных источников
_92172273
_3RU\NLR\AUTH\6601543088
606 _aЛапласа уравнение
_xРешение
_xЧисленные методы
_92172270
_3RU\NLR\AUTH\6601543087
610 0 _aметод точечных источников
610 0 _aмоделирование потенциальных полей
675 _a537.8:004.9
686 1 _aВ192.16-3
686 1 _aВ192.162
700 1 _aКнязев
_bС. Ю.
_gСергей Юрьевич
701 1 _7ca
_8rus
_aЩербакова
_bЕ. Е.
_cканд. техн. наук
_gЕлена Евгеньевна
_9129465
_3RU\NLR\AUTH\770129496
701 1 _aЩербаков
_bА. А.
_gАнтон Андреевич
801 0 _aRU
_bRuMoRKP
_c20130919
_gRCR
801 2 _aRU
_bРГБ
_c20131007
_grcr
801 1 _aRU
_bRuMoRKP
_c20130919
_2rusmarc
942 _cBOOK
980 _aNBR